000 01447nam a22004217a 4500
003 OSt
005 20230525082304.0
008 221006b |||||||| |||| 00| 0 eng d
040 _cBiblioteca Lado V
082 _a700
_bA786l
110 _9830
_aARTEDER
_eEditor
245 _aLAPIZ/
_bRevista Mensual de Arte/
260 _bFeria internacional de Bilbao
_c2000
_aEspaña
300 _c22x29cm
_a100p.
366 _espa
490 _a167
_vXIX
505 _aEditorial
505 _aJames Rosenquist
505 _aSobre el caracter
505 _aLuis Camnitzer
505 _aSantiago Sierra
505 _aHistoire(s) du cinema de Jean-Luc Godard
505 _aUn Viaje por las tecnologías contemporáneas
505 _aLa Bienal de Montreal 2000
505 _aCronicas de Exposiciones
505 _aActualidad
505 _aPublicaciones
650 _2Tesauro de Arte & Arquitectura
_aARTE
_9703
650 _2Tesauro de Arte & Arquitectura
_aARQUITECTURA
650 _2Tesauro de Arte & Arquitectura
_aFOTOGRAFIA
_9702
650 _2Tesauro de Arte & Arquitectura
_aENTREVISTAS
650 _2Tesauro de Arte & Arquitectura
_aARQUEOLOGIA
650 _2Tesauro de Arte & Arquitectura
_aREPORTAJES
650 _2Tesauro de Arte & Arquitectura
_aLIBROS
650 _2Tesauro de Arte & Arquitectura
_aNOTICIAS
651 _2Tesauro de Arte & Arquitectura
_aSUBASTAS
942 _2ddc
_c1
_h700
_iA786l
_n0
999 _c3722
_d3722